|
|
|
|
| LEADER |
00000nab a2200000 a 4500 |
| 001 |
vtls011116546 |
| 003 |
SK-MaSNL |
| 005 |
20260303142918.0 |
| 008 |
230222|2007 xo |||||||||||||||||slo| |
| 015 |
|
|
|a SNBRB
|
| 035 |
|
|
|a (uuid)94346094-5b6c-4e4f-a8e6-bc44da51eb89
|
| 035 |
|
|
|a (urnnbn)urn:nbn:sk:snk:ar-a08kvr
|
| 035 |
|
|
|a urn:nbn:sk:snk-ab9n2o
|
| 040 |
|
|
|a SNKBUCL
|b slo
|c SNKBUCL
|e AACR2
|
| 041 |
0 |
|
|a slo
|
| 044 |
|
|
|a xo
|c SK
|
| 100 |
1 |
|
|a Hulkó, Gabriel,
|d 1947-
|4 aut
|
| 245 |
1 |
0 |
|a DPS BLOCKSET PRE MODELOVANIE A RIADENIE SYSTÉMOV S ROZLOŽENÝMI PARAMETRAMI
|c Gabriel Hulkó, Cyril Belavý, Štefan Cibiri
|
| 246 |
3 |
|
|a DPS Blockset for Modeling and Control of Distributed Parameter Systems
|
| 700 |
1 |
|
|a Belavý, Cyril,
|d 1957-
|4 aut
|9 212101
|
| 700 |
1 |
|
|a Cibiri, Štefan
|4 aut
|9 75664
|
| 773 |
0 |
|
|t Acta Mechanica Slovaca
|g Roč. 11, č. 1-A (2007), s. 81-86
|
| 954 |
|
|
|a odborná, vedecká literatúra pôvodná (slovenská)
|2 lita
|
| 958 |
|
|
|a OND
|
| 958 |
|
|
|a EUIPO
|
| 958 |
|
|
|a article13
|
| 999 |
|
|
|c 1986821
|d 1988751
|